Missing Word: Directing Georges Quiz Stats

 Plays Quiz Updated Mar 12, 2018

Score 0/24 Timer 06:00
0 Plays Today
Director Missing word % Correct
George MillerMax
96.5%
George StevensDiary
94.5%
George ClooneyMarch
93.9%
George CukorFair
93.3%
George CukorStar
91.7%
George MillerWitches
88.6%
George LucasSith
87.1%
George LucasNew
87.1%
George ClooneyLuck
83.4%
George StevensTown
80%
George StevensMerrier
74%
George StevensSun
71%
Director Missing word % Correct
George LucasGraffiti
67.7%
George A. RomeroDead
56.4%
George ClooneyConfessions
53.2%
George ClooneyMonuments
49.8%
George MillerFeet
49.3%
George LucasTHX
33.5%
George CukorAunt
30.7%
George A. RomeroDark
24.7%
George CukorWind
22.5%
George A. RomeroEvil
10.2%
George A. RomeroVanilla
5.7%
George MillerDreaming
5.5%

Today's Daily Dose

You're not logged in!

Compare scores with friends on all Sporcle quizzes.
OR
Log In

Sporcle TV

Today on Sporcle TV


Watch our educational content, quiz creation guides, and fun videos on Sporcle TV.

Show Comments

Extras

Top Quizzes Today


Score Distribution

Your Account Isn't Verified!

In order to create a playlist on Sporcle, you need to verify the email address you used during registration. Go to your Sporcle Settings to finish the process.

Report this User

Report this user for behavior that violates our Community Guidelines.

Details: